[Event "FIDE Zonal 2.5-W 2019"]
[Site "Montevideo"]
[Date "2019.04.16"]
[Round "6.5"]
[White "Meza, Anahi"]
[Black "Brizzi, Milagros Tatiana"]
[Result "1/2-1/2"]
[WhiteElo "2073"]
[BlackElo "2126"]
[Annotator "TA"]
[PlyCount "64"]
[EventDate "2019.04.13"]
[EventType "swiss"]
[EventCountry "URU"]
[SourceTitle "playchess.com"]
[Source "ChessBase"]
[SourceQuality "1"]

{[%evp 22,64,22,9,19,4,0,-28,-27,-55,-40,-24,5,3,3,19,12,-6,-6,-6,0,0,16,0,0,-41,11,0,0,0,4,5,42,32,64,70,56,56,56,51,58,0,22,0,29]} 1. d4 d5 2. c4 c6 3. cxd5 cxd5 4. Nc3 Nf6 5. Bf4 Nc6 6. Nf3 Bf5 7. e3 e6 8. Qb3 Bb4 9. Ne5 {D14: Slav Defence: Exchange variation with ...Bf5} O-O 10. Nxc6 Bxc3+ 11. bxc3 bxc6 12. Be2 {LiveBook: 4 Games} Qe7 $146 ({Predecessor:} 12... Qb6 13. f3 c5 14. O-O Rfc8 15. g4 Bg6 16. Rfc1 h6 {0-1 (41) Richter,M (2517)-Ragger,M (2698) Berlin 2015}) 13. O-O Ne4 14. Rfd1 g5 15. Be5 f6 16. Bg3 $1 Nxg3 17. hxg3 Rab8 (17... Rfb8 $5 18. Qa4 $8 Rb6 $11) 18. Qa4 Rb2 19. Bd3 Bxd3 20. Rxd3 Qb7 21. Qa3 Kf7 22. Rad1 Rb8 23. g4 Qc7 (23... Rh8 $15) 24. g3 R8b7 25. R3d2 $36 {[%mdl 2048] White has the initiative.} R2b5 26. c4 dxc4 27. Qc3 Rb1 28. Qxc4 Qd6 29. Qd3 Rxd1+ 30. Rxd1 Kg7 31. e4 (31. Qc2 $14) 31... Rd7 32. Qe3 h6 {Precision: White = 38%, Black = 40%.} 1/2-1/2

[Event "FIDE Zonal 2.5-W 2019"]
[Site "Montevideo"]
[Date "2019.04.16"]
[Round "6.6"]
[White "Malan, Lucia"]
[Black "Reyes Jara, Paula"]
[Result "1-0"]
[WhiteElo "1877"]
[BlackElo "1926"]
[Annotator "NA RC"]
[PlyCount "55"]
[EventDate "2019.04.13"]
[EventType "swiss"]
[EventCountry "URU"]
[SourceTitle "playchess.com"]
[Source "ChessBase"]
[SourceQuality "1"]
[TimeControl "40/5400+30:1800+30"]

{[%evp 8,45,24,21,32767,13,32767,32767,32767,32767,32767,32767,32767,32767,182,195,227,32767,260,231,272,225,260,239,302,349,306,370,475,32767,32767,304,32767,349,32767,32767,32767,32767,463,459]} 1. e4 {[%emt 0:00:00]} e5 {[%emt 0:02:32]} 2. Nf3 {[%emt 0:00:00]} Nc6 {[%emt 0:00:05]} 3. Bb5 {[%emt 0:00:00]} a6 {[%emt 0:00:29]} 4. Ba4 {[%emt 0:00:00]} Nf6 {[%emt 0:00:11]} 5. O-O {[%emt 0:00:17]} Be7 {[%emt 0:00:36]} 6. d4 {[%emt 0:00:15]} b5 {[%emt 0:02:36]} 7. Bb3 {[%emt 0:03:49]} Nxd4 {[%emt 0:01:01] C84: Closed Ruy Lopez: Unusual White 6th moves} (7... exd4 8. e5 Ne4 9. Bd5 Nc5 10. Nxd4 Bb7 11. Nf5 Bf8 12. Nc3 g6 13. Nh6 Bxh6 14. Bxh6 Ne6 15. Ne4 Qh4 16. Nf6+ Ke7 17. Bxe6 Nxe5 18. Bd5 Kxf6 19. Bxb7 {1-0 (32) Grischuk,A (2737)-Nepomniachtchi,I (2767) Doha 2016}) 8. Bxf7+ {[%emt 0:02:24]} Kxf7 {[%emt 0:04:23]} 9. Nxe5+ {[%emt 0:00:21]} Kf8 {[%emt 0:00:30]} 10. Qxd4 {[%emt 0:06:00]} Qe8 $146 {[%emt 0:03:06]} ({Predecessor:} 10... Bb7 $16 {was necessary.} 11. Nc3 b4 12. Nd5 c5 13. Qc4 Bd6 14. f4 Nxd5 15. exd5 {1-0 (30) Aulin Jansson,J (2181)-Odegaard,P (1958) Asker 2015}) 11. Nd3 {[%emt 0:04:06]} Qg6 {[%emt 0:05:17]} 12. e5 Ng4 {[%emt 0:13:32]} (12... Bb7 $16 13. Nf4 Qe4) 13. Nc3 {[%emt 0:08:19]} Bb7 {[%emt 0:23:59]} 14. f3 {[%emt 0:04:43]} ({Not} 14. Qxd7 Nxh2 15. Nf4 Nf3+ 16. Kh1 Nxe5 $11) 14... Nh6 {[%emt 0:02:09]} 15. Bxh6 {[%emt 0:00:37]} gxh6 {[%emt 0:01:15]} 16. Qxd7 {[%emt 0:03:02]} Rg8 {[%emt 0:00:47]} 17. Nf4 {[%emt 0:04:40]} Qb6+ {[%emt 0:08:37]} 18. Kh1 {[%emt 0:01:16]} Bc8 {[%emt 0:00:37]} 19. Qxe7+ {[%emt 0:04:43]} Kxe7 {[%emt 0:00:33]} 20. Ncd5+ {[%emt 0:00:06]} Kf7 {[%emt 0:00:50]} 21. Nxb6 {[%emt 0:00:07]} cxb6 {[%emt 0:00:04]} 22. Rad1 {[%emt 0:00:21]} Rg5 {[%emt 0:03:50]} 23. Rfe1 $18 {[%emt 0:02:09]} Bf5 {[%emt 0:01:13]} 24. e6+ {[%emt 0:00:50]} Ke8 {[%emt 0:01:37]} 25. Nd5 {[%emt 0:01:47]} Rc8 {[%emt 0:01:11]} 26. e7 {[%emt 0:01:06]} Rxc2 {[%emt 0:05:09]} 27. Nf6+ {[%emt 0:00:20]} Kf7 {[%emt 0:00:06]} 28. e8=Q+ {[%emt 0:00:07]} 1-0

[Event "FIDE Zonal 2.5-W 2019"]
[Site "Montevideo"]
[Date "2019.04.16"]
[Round "6.7"]
[White "Silva Rosas, Natalia"]
[Black "Podesta, Sofia"]
[Result "1-0"]
[WhiteElo "1809"]
[BlackElo "1417"]
[Annotator "NA RC"]
[PlyCount "111"]
[EventDate "2019.04.13"]
[EventType "swiss"]
[EventCountry "URU"]
[SourceTitle "playchess.com"]
[Source "ChessBase"]
[SourceQuality "1"]
[TimeControl "40/5400+30:1800+30"]

1. e4 {[%emt 0:00:00]} e6 {[%emt 0:05:31]} 2. d3 {[%emt 0:00:00]} d5 {[%emt 0:00:12]} 3. Nd2 {[%emt 0:00:00]} Nc6 {[%emt 0:01:10]} 4. Ngf3 {[%emt 0:00:04]} Bd6 {[%emt 0:01:03]} 5. g3 {[%emt 0:08:54]} Nf6 {[%emt 0:03:07]} 6. Qe2 {[%emt 0:00:30] C00: French: Unusual White 2nd moves} (6. Bg2 O-O 7. O-O Re8 8. Re1 dxe4 9. dxe4 e5 10. c3 Be6 11. Qc2 Bf8 12. Nf1 h6 13. Ne3 g6 14. Rd1 Qc8 15. Nd5 Nxd5 16. exd5 {½-½ (38) Nunes,G (1594)-Aquino,A (1920) Sao Paulo 2018}) 6... dxe4 {[%emt 0:00:30]} 7. dxe4 {[%emt 0:01:30]} e5 $146 {[%emt 0:00:40]} ({Predecessor:} 7... Nd7 8. Bg2 O-O 9. O-O b6 10. e5 Be7 11. Rd1 Bb7 12. Ne4 Qe8 {½-½ (41) Alonso Sanchez,V-Valdecantos Jimenez,C Zaragoza 2004}) 8. Nc4 {[%emt 0:01:18]} O-O {[%emt 0:00:30]} 9. Nxd6 {[%emt 0:00:30]} Qxd6 {[%emt 0:00:30]} 10. Bg2 {[%emt 0:00:30]} Bg4 {[%emt 0:00:30]} 11. c3 {[%emt 0:00:30]} Rad8 {[%emt 0:00:26]} 12. h3 {[%emt 0:03:33]} Be6 {[%emt 0:06:05]} 13. Bg5 {[%emt 0:02:37]} Bd7 {[%emt 0:10:14]} 14. Rd1 {[%emt 0:09:13]} Qe7 {[%emt 0:00:50]} 15. Qc2 {[%emt 0:00:30]} h6 {[%emt 0:00:30]} 16. Be3 {[%emt 0:00:39]} Be6 {[%emt 0:00:54]} 17. O-O {[%emt 0:01:40]} Bc4 {[%emt 0:00:30]} 18. Rfe1 {[%emt 0:08:54]} Rxd1 {[%emt 0:02:12]} 19. Qxd1 {[%emt 0:00:30]} Nxe4 {[%emt 0:00:30]} 20. Bxh6 {[%emt 0:00:55]} Nxc3 {[%emt 0:00:51]} 21. bxc3 {[%emt 0:04:37]} gxh6 {[%emt 0:03:36]} 22. Qb1 {[%emt 0:05:27]} Qe6 {[%emt 0:01:34]} 23. Nd4 {[%emt 0:00:30]} Nxd4 {[%emt 0:00:57]} 24. cxd4 {[%emt 0:02:09]} b6 {[%emt 0:05:36]} 25. Rxe5 {[%emt 0:00:30]} Qd6 {[%emt 0:02:15]} 26. Qf5 {[%emt 0:04:26]} Bxa2 {[%emt 0:00:08]} 27. Be4 {[%emt 0:01:09]} Qg6 {[%emt 0:00:30]} 28. Qf4 {[%emt 0:01:11]} Qg7 {[%emt 0:00:58]} 29. Rh5 {[%emt 0:03:44]} f5 {[%emt 0:02:04]} 30. Bxf5 {[%emt 0:00:42]} Bb1 {[%emt 0:01:28]} 31. Be6+ {[%emt 0:02:37]} Kh7 {[%emt 0:00:30]} 32. Qe3 {[%emt 0:00:30]} Bg6 {[%emt 0:00:30]} 33. Re5 {[%emt 0:00:30]} Qf6 {[%emt 0:00:30]} 34. Bd5 {[%emt 0:00:30]} Bf7 {[%emt 0:00:30]} 35. Bg2 {[%emt 0:00:30]} Bg6 {[%emt 0:00:30]} 36. h4 {[%emt 0:00:30]} h5 {[%emt 0:00:30]} 37. d5 {[%emt 0:00:30]} a5 {[%emt 0:00:30]} 38. Re7+ {[%emt 0:00:30]} Rf7 {[%emt 0:00:30]} 39. Re6 {[%emt 0:19:33]} Qa1+ {[%emt 0:07:19] [#]} 40. Kh2 $1 {[%emt 0:19:45]} Qb1 {[%emt 0:01:41]} 41. Qc3 $11 {[%emt 0:33:24]} ({Better is} 41. Be4 $18 Qxe4 42. Rxe4 Bxe4 43. Qxe4+ Kh6 44. Kg2) 41... a4 $2 {[%emt 0:32:27]} (41... Qc2 $11 {and Black stays safe.} 42. Qxc2 Bxc2) 42. d6 {[%emt 0:13:35]} cxd6 {[%emt 0:00:44]} 43. Rxd6 {[%emt 0:00:15]} Qb3 {[%emt 0:00:36]} 44. Qxb3 {[%emt 0:01:04]} axb3 {[%emt 0:00:08]} 45. Rxb6 {[%emt 0:00:46]} Bc2 {[%emt 0:00:37]} 46. Kg1 {[%emt 0:00:45]} Rd7 {[%emt 0:00:45]} 47. Bf3 {[%emt 0:00:00]} Rd1+ {[%emt 0:00:00]} 48. Bxd1 {[%emt 0:00:00]} Bxd1 {[%emt 0:00:00]} 49. Kf1 {[%emt 0:00:00]} Kg7 {[%emt 0:00:00]} 50. Ke1 {[%emt 0:00:00]} Bc2 {[%emt 0:00:00]} 51. Kd2 {[%emt 0:00:00]} Kh7 {[%emt 0:00:00]} 52. Ke3 {[%emt 0:00:00]} Kg7 {[%emt 0:00:00]} 53. Kf4 {[%emt 0:00:00]} Bd1 {[%emt 0:00:00]} 54. Kg5 {[%emt 0:00:00]} Kf7 {[%emt 0:00:00]} 55. f4 {[%emt 0:00:00]} Ke7 {[%emt 0:00:00]} 56. f5 {[%emt 0:00:00]} 1-0

[Event "FIDE Zonal 2.5-W 2019"]
[Site "Montevideo"]
[Date "2019.04.17"]
[Round "7.1"]
[White "Vargas, Gabriela"]
[Black "Gomez Barrera, Javiera Belen"]
[Result "0-1"]
[WhiteElo "2130"]
[BlackElo "2016"]
[Annotator "TA"]
[PlyCount "120"]
[EventDate "2019.04.13"]
[EventType "swiss"]
[EventCountry "URU"]
[SourceTitle "playchess.com"]
[Source "ChessBase"]
[SourceQuality "1"]

{[%evp 15,120,0,0,0,-4,-14,0,0,10,16,44,0,13,0,1,-19,-18,-13,20,11,15,0,-1,-24,-15,-21,-21,-136,-136,-135,-126,-160,-160,-156,-165,-160,-159,-229,-228,-241,-146,-143,-135,-160,-160,-165,-161,-164,-163,-162,-162,-162,-162,-161,-151,-168,-168,-158,-147,-291,-291,-286,-276,-335,-356,-333,-316,-328,-304,-1000,-991,-851,-862,-837,-837,-631,-1428,-1803,-1711,-1371,-1307,-3735,-4018,-6207,-5189,-2490,-1805,-29968,-29968,-29978,-29979,-29978,-29979,-29980,-29981,-29981,-29982,-29981,-29982,-29984,-29985,-29985,-29986,-29986,-29987,-29986,-29987]} 1. d4 Nf6 2. Nf3 g6 3. Bg5 Bg7 4. Nbd2 O-O 5. c3 d5 6. e3 Nbd7 7. Bd3 Re8 8. O-O e5 9. e4 {D03: 1 d4 d5 2 Nf3 Nf6 3 Bg5, including Torre Attack with early ...d5} (9. dxe5 Nxe5 10. Nxe5 Rxe5 11. Bf4 Re8 12. h3 c6 13. a4 a5 14. Re1 Nd7 15. Nf3 Nc5 16. Bc2 Ne4 17. Nd4 Bd7 18. Bd3 Qb6 {1-0 (41) Cori Tello,J (2664)-Wei,Y (2742) Batumi 2018}) 9... exd4 10. cxd4 dxe4 {[#]} 11. Nxe4 $1 {[%mdl 576] Pin. The position is equal.} h6 (11... Rxe4 12. Bxe4) 12. Qb3 $1 Rf8 13. Bxf6 $146 ({Predecessor:} 13. Bc4 Nb6 14. Nxf6+ Bxf6 15. Bxh6 Nxc4 16. Qxc4 Be6 {1-0 (37) Valerga,D (2477)-Villanueva,M (2429) Vicente Lopez 2016}) 13... Nxf6 14. Nc3 c6 15. h3 Nd5 16. Nxd5 {Ne3 is the strong threat.} cxd5 17. Rac1 Qd6 18. Qc3 Be6 19. Qc5 Qxc5 20. Rxc5 Rfc8 21. b4 (21. Rb5 $11 {keeps the balance.}) 21... Bf8 $1 $17 22. Rxc8 Rxc8 23. Rb1 Rc3 $1 {[%cal Rc3d3]} 24. Bf1 Bf5 25. Rb2 Rc1 26. g4 (26. Rb3 $17) 26... Bd3 $1 $19 {[%cal Rd3f1]} 27. Nh2 Bxf1 28. Nxf1 {[%mdl 4096] Endgame KRB-KRN} Rc4 29. Rd2 Rxb4 30. Ne3 Bg7 31. Nxd5 Rxd4 32. Rxd4 Bxd4 {KB-KN} 33. Kf1 Kf8 34. Ke2 {[#]} Ke8 $1 35. f3 Kd7 36. Kd3 Bg7 37. f4 (37. Kc4 $17 {is a better defense.}) 37... Kd6 38. Ne3 b5 39. h4 a5 40. h5 gxh5 41. Nf5+ Kd5 42. Nxg7 $2 {[#] KN-KP} (42. gxh5 Bf8 43. Ne3+ Kc5 44. Ng4) 42... h4 $1 43. Nf5 h3 44. Ne3+ Kc5 45. Nf1 Kb4 46. Kc2 Ka3 47. Kb1 b4 48. Nh2 f6 49. Nf3 b3 50. axb3 Kxb3 51. Ka1 Kc3 {Black mates.} 52. g5 hxg5 {[%mdl 64] Overworked Piece} 53. fxg5 fxg5 54. Nxg5 {KN-KPP} h2 55. Ne4+ Kc2 56. Ng3 Kd1 57. Ka2 Ke1 58. Ka3 Kf2 59. Ne4+ Ke3 60. Ng3 Kf3 {Accuracy: White = 39%, Black = 87%.} 0-1

[Event "FIDE Zonal 2.5-W 2019"]
[Site "Montevideo"]
[Date "2019.04.17"]
[Round "7.2"]
[White "Fernandez, Maria Florencia"]
[Black "Perez Rodriguez, Jennifer"]
[Result "0-1"]
[WhiteElo "2227"]
[BlackElo "2237"]
[Annotator "TA"]
[PlyCount "160"]
[EventDate "2019.04.13"]
[EventType "swiss"]
[EventCountry "URU"]
[SourceTitle "playchess.com"]
[Source "ChessBase"]
[SourceQuality "1"]

{[%evp 16,160,37,0,4,0,0,-12,-18,-21,-12,-10,-12,-42,-44,-46,-33,-64,-66,-61,-62,-70,-52,-52,-51,-106,-60,-56,-47,-49,0,-57,-25,-25,-4,-70,-43,-62,88,0,0,0,0,0,0,-218,-7,-7,-7,-17,-7,-27,-4,-40,-12,-19,-19,-21,-11,-20,0,0,0,0,0,0,0,0,0,0,0,0,0,0,0,0,0,0,0,0,0,0,0,0,0,0,0,0,0,0,0,0,0,0,0,0,0,1,0,0,0,-193,-137,-341,-275,-250,-223,-220,-289,-247,0,0,0,0,0,0,0,-368,-295,-856,-722,-1032,-1011,-1007,-1009,-1127,-1126,-1127,-1119,-1127,-1007,-975,-777,-538,0,-284,0,-1120,-1120,-1058,-979,-725,-721,-654,-580,-29981,-29982]} 1. d4 Nf6 2. c4 e6 3. Nc3 d5 4. Nf3 c5 5. cxd5 Nxd5 6. g3 Nc6 7. Bg2 Be7 8. O-O O-O 9. e3 cxd4 {A34: Symmetrical English: 2 Nc3, lines with ...d5} 10. exd4 Qb6 $146 ({Predecessor:} 10... Bf6 11. Ne4 Qb6 12. Nxf6+ Nxf6 13. Qb3 Qxb3 14. axb3 Rd8 {1-0 (22) Tham,M (1844)-Elier,A (1985) Willingen 2018}) 11. Ne5 Nxc3 {The position is equal.} 12. bxc3 Nxe5 13. dxe5 Qc7 14. Bf4 Bd7 15. Qg4 Rfd8 16. Rfe1 Bc6 17. h4 Bxg2 18. Kxg2 Qc6+ 19. Kg1 Qc4 20. h5 (20. Qf3 $15) 20... h6 21. Qf3 Qd5 22. Qg4 Qc4 23. Qf3 $1 Rd5 24. Re4 $1 {[%cal Re4c4]} Qd3 25. Re3 (25. Qxd3 $11 Rxd3 26. Rc4) 25... Qc2 26. Re2 Rd1+ (26... Qa4 $15 {stays ahead.}) 27. Rxd1 (27. Kg2 $16 Qd3 28. Rxd1 Qxd1 29. Qxb7) 27... Qxd1+ $11 28. Kg2 Rd8 29. Rb2 b6 30. Qb7 $2 {[#]} (30. Qxd1 $11 Rxd1 31. Rd2 Rxd2 32. Bxd2) 30... Qd5+ $2 (30... Ba3 $1 $19 {[%cal Ra3b2]} 31. Rb3 Bc5) 31. Qxd5 Rxd5 {[%mdl 4096] Endgame KRB-KRB} 32. Rd2 $1 Ra5 33. Kf3 Kf8 34. Ke4 Ra4+ 35. Kd3 Ke8 36. Be3 Kd7 37. f4 Ra5 38. Bd4 Bc5 39. Ke4 Ke7 40. g4 Bxd4 41. cxd4 {KR-KR} Ra3 42. f5 Rg3 43. Kf4 Rg1 44. d5 exd5 45. Rxd5 Rf1+ 46. Ke3 Re1+ 47. Kf2 Re4 48. Kf3 Re1 49. a4 Rf1+ 50. Ke3 Rg1 51. Rd4 Re1+ 52. Kf4 Rf1+ 53. Ke4 Re1+ 54. Kd5 Kd7 $1 55. Re4 Rd1+ 56. Kc4 Rb1 57. e6+ Ke7 58. g5 $2 (58. exf7+ $11 {and White stays safe.} Kxf7 59. Rd4) 58... hxg5 $19 59. h6 $2 (59. Rg4 $17) 59... gxh6 60. f6+ Ke8 {Hoping for ...fxe6.} ({But not} 60... Kxf6 $2 61. e7 $18) 61. Kd5 Rf1 62. Ke5 {[#]} fxe6 $2 (62... Rc1 $1 $19 {Strongly threatening ...Rc6.} 63. Kd6 Rc5) 63. Kxe6 $11 h5 {Threatens to win with ...g4.} 64. Rc4 {[%cal Rc4c8]} Re1+ 65. Kf5 g4 66. Kg6 $2 {[%mdl 8192]} (66. Rc3 $1 $11 {and White has nothing to worry.}) 66... Rf1 $19 {White must now prevent ...g3.} 67. Re4+ $2 (67. Kxh5 g3 68. Rg4) 67... Kd7 68. Kxh5 Rxf6 69. Kxg4 Kc6 70. Kg5 Rf2 71. Kg4 a5 72. Re6+ Kb7 73. Re7+ Ka6 74. Re4 Kb7 75. Re7+ $1 Kc6 $2 (75... Kb8 76. Kg5 Rf1) 76. Re6+ Kc5 77. Re5+ Kd6 78. Rb5 Kc6 79. Re5 Rb2 80. Re4 Rb4 {Accuracy: White = 41%, Black = 64%.} 0-1

[Event "FIDE Zonal 2.5-W 2019"]
[Site "Montevideo"]
[Date "2019.04.17"]
[Round "7.3"]
[White "Malan, Lucia"]
[Black "Zuriel, Marisa"]
[Result "0-1"]
[WhiteElo "1877"]
[BlackElo "2153"]
[Annotator "TA"]
[PlyCount "92"]
[EventDate "2019.04.13"]
[EventType "swiss"]
[EventCountry "URU"]
[SourceTitle "playchess.com"]
[Source "ChessBase"]
[SourceQuality "1"]

{[%evp 19,92,2,0,0,18,-103,-89,-81,-97,-120,-133,-165,-175,-168,-89,-82,-86,-129,-127,-432,-450,-426,-227,-250,-238,-238,-227,-235,-229,-225,-178,-185,-181,-190,-189,-189,-178,-189,-189,-185,-185,-222,-220,-262,-254,-318,-335,-327,-327,-423,-424,-410,-400,-2992,-2777,-2624,-2608,-2501,-2304,-5115,-4814,-6614,-6531,-29971,-11877,-29981,-29979,-29983,-29983,-29983,-29984,-29984,-29985,-29985,-29984]} 1. e4 c5 2. Nf3 e6 3. d4 cxd4 4. Nxd4 a6 5. Nc3 Qc7 6. Be2 b5 7. f4 d6 8. O-O Bb7 9. Bf3 Nd7 10. a3 Ngf6 11. Qe1 {B84: Sicilian Scheveningen: 6 Be2 a6, lines without early Be3} h5 12. e5 $146 (12. Kh1 $11) ({Predecessor:} 12. h3 Rc8 13. Be3 Be7 14. Rd1 g6 15. e5 dxe5 16. fxe5 Nh7 17. Qg3 h4 18. Qf2 Nxe5 19. Bxb7 Qxb7 {½-½ (39) Dourerassou,J (2413)-David,A (2609) Paris 2011}) 12... dxe5 $17 13. fxe5 {[#]Black is better.} Bc5 $1 {[%cal Rc5d4]} 14. Bxb7 Bxd4+ 15. Be3 Bxe3+ 16. Qxe3 Qxb7 ({Better is} 16... Ng4 $19 17. Qf4 Qxb7 18. Qxf7+ Kd8 19. Qxe6 Re8) 17. exf6 Nxf6 18. Rad1 Qa7 19. Rd4 $2 {[%mdl 8192]} (19. Qxa7 $17 {is tougher.} Rxa7 20. Ne2) 19... Ng4 $19 20. Qe4 O-O (20... Rd8 $142 21. Ne2 e5 {[%mdl 64] Pin}) 21. Kh1 Rad8 22. Rxd8 Rxd8 23. Qe2 Qe3 24. Re1 Qxe2 25. Rxe2 {[%mdl 4096] Endgame KRN-KRN} Kf8 26. h3 Nf6 27. Kg1 Ke7 28. Kf2 Rc8 29. Kf3 Rc4 30. Nd1 Nd5 31. g3 g5 32. Ne3 Nxe3 33. Kxe3 {KR-KR} e5 34. Kd3 Rd4+ 35. Ke3 f5 36. c3 (36. Rg2 $142 Kf6 37. Ke2) 36... Re4+ 37. Kd3 Rxe2 38. Kxe2 {KP-KP} Kd6 39. b3 a5 40. Kd3 Kd5 41. Ke3 e4 (41... f4+ $142 42. Kf2 fxg3+ 43. Kxg3 h4+ 44. Kf2 e4 45. Kg1 e3 46. a4 {[#]} g4 $1 {[%mdl 512]} 47. hxg4 bxa4 48. bxa4 Ke4 49. Kg2 e2 50. Kf2 h3 51. c4 h2 52. Kxe2 h1=Q 53. Kd2 Kd4 54. Kc2 Qa1 55. g5 Qa2+ {[%mdl 64] Double Attack} 56. Kc1 Kd3 57. g6 Qc2#) 42. h4 gxh4 {Black mates.} 43. gxh4 Ke5 44. Ke2 f4 45. Kf2 Kd5 46. Ke2 a4 {Accuracy: White = 33%, Black = 84%.} 0-1

[Event "FIDE Zonal 2.5-W 2019"]
[Site "Montevideo"]
[Date "2019.04.17"]
[Round "7.4"]
[White "Amura, Claudia"]
[Black "Brizzi, Milagros Tatiana"]
[Result "0-1"]
[WhiteElo "2260"]
[BlackElo "2126"]
[Annotator "RC"]
[PlyCount "110"]
[EventDate "2019.04.13"]
[EventType "swiss"]
[EventCountry "URU"]
[SourceTitle "playchess.com"]
[Source "ChessBase"]
[SourceQuality "1"]
[TimeControl "40/5400+30:1800+30"]

1. d4 {[%emt 0:00:00]} d5 {[%emt 0:00:00]} 2. c4 {[%emt 0:00:00]} c6 {[%emt 0:00:04]} 3. Nf3 {[%emt 0:00:00]} Nf6 {[%emt 0:00:08]} 4. e3 {[%emt 0:00:00]} Bf5 {[%emt 0:00:13]} 5. Nc3 {[%emt 0:00:07]} e6 {[%emt 0:00:52]} 6. Nh4 {[%emt 0:00:05]} Bg6 {[%emt 0:00:24]} 7. Qb3 {[%emt 0:00:25]} Qc7 {[%emt 0:01:56]} 8. Nxg6 {[%emt 0:06:13]} hxg6 {[%emt 0:00:09]} 9. g3 {[%emt 0:00:12]} Nbd7 {[%emt 0:02:19]} 10. Bg2 {[%emt 0:00:04]} Be7 {[%emt 0:06:07]} 11. e4 {[%emt 0:08:35]} dxe4 {[%emt 0:12:10]} 12. Nxe4 {[%emt 0:01:44]} Nxe4 {[%emt 0:01:16]} 13. Bxe4 {[%emt 0:00:05]} e5 {[%emt 0:02:42]} 14. Qc3 {[%emt 0:20:40]} exd4 {[%emt 0:11:14]} 15. Qxd4 {[%emt 0:00:48]} Bf6 {[%emt 0:00:24]} 16. Qe3 {[%emt 0:02:11]} O-O {[%emt 0:01:25]} 17. O-O {[%emt 0:03:06]} Rfe8 {[%emt 0:00:43]} 18. Qf3 {[%emt 0:04:04]} Qe5 {[%emt 0:04:39]} 19. Bc2 {[%emt 0:01:57]} Nc5 {[%emt 0:11:55]} 20. Rb1 Qe6 {[%emt 0:08:07]} 21. Bb3 {[%emt 0:17:46]} Rad8 {[%emt 0:07:52]} 22. Qf4 {[%emt 0:08:57]} Nd3 {[%emt 0:08:50]} 23. Qf3 {[%emt 0:03:12]} Ne1 {[%emt 0:03:24]} 24. Qe3 {[%emt 0:04:13]} Qf5 {[%emt 0:01:17]} 25. Rxe1 {[%emt 0:01:50]} Qxb1 {[%emt 0:02:47]} 26. Qxe8+ {[%emt 0:00:04]} Rxe8 {[%emt 0:00:06]} 27. Rxe8+ {[%emt 0:00:03]} Kh7 {[%emt 0:00:05]} 28. Re1 {[%emt 0:00:12]} Bxb2 {[%emt 0:00:25]} 29. Bd2 {[%emt 0:00:06]} Qf5 {[%emt 0:01:22]} 30. Be3 {[%emt 0:00:40]} c5 {[%emt 0:00:33]} 31. Rd1 {[%emt 0:00:18]} b6 {[%emt 0:01:02]} 32. h4 {[%emt 0:00:17]} Bc3 {[%emt 0:03:22]} 33. Rd5 {[%emt 0:00:35]} Qb1+ {[%emt 0:01:31]} 34. Rd1 {[%emt 0:00:06]} Qb2 {[%emt 0:00:34]} 35. Kf1 {[%emt 0:00:11]} Bd4 {[%emt 0:02:20]} 36. Bd2 {[%emt 0:03:45]} a6 {[%emt 0:01:22]} 37. Ke2 {[%emt 0:00:29]} Kg8 {[%emt 0:00:50]} 38. Rc1 {[%emt 0:00:36]} Bxf2 {[%emt 0:01:27]} 39. Rc3 {[%emt 0:01:04]} Bg1 {[%emt 0:01:41]} 40. g4 {[%emt 0:00:15]} Bh2 {[%emt 0:00:42]} 41. Rf3 {[%emt 0:33:56]} Be5 {[%emt 0:03:10]} 42. h5 {[%emt 0:00:00]} g5 {[%emt 0:02:56]} 43. Rd3 {[%emt 0:00:00]} f6 {[%emt 0:01:41]} 44. Kd1 {[%emt 0:00:00]} Qb1+ {[%emt 0:01:04]} 45. Ke2 {[%emt 0:00:00]} Qg1 {[%emt 0:03:35]} 46. Rd8+ {[%emt 0:00:00]} Kf7 {[%emt 0:00:06]} 47. Ba4 {[%emt 0:00:00]} Qxg4+ {[%emt 0:01:06]} 48. Kd3 {[%emt 0:00:00]} b5 {[%emt 0:00:49]} 49. Bb3 {[%emt 0:00:00]} Ke7 {[%emt 0:02:59]} 50. Rd5 {[%emt 0:00:00]} Qf5+ {[%emt 0:00:28]} 51. Ke3 {[%emt 0:00:00]} g4 {[%emt 0:05:12]} 52. Ba5 {[%emt 0:00:00]} Bd4+ {[%emt 0:03:46]} 53. Kd2 {[%emt 0:00:00]} Qf2+ {[%emt 0:00:43]} 54. Kc1 {[%emt 0:00:00]} Qb2+ {[%emt 0:00:57]} 55. Kd1 {[%emt 0:00:00]} g3 {[%emt 0:00:15]} 0-1